书目信息 |
| 书名: | Fundamentals of logic design | |
| 作者: | Charles H. Roth, Jr. | |
| 分册号: | ||
| 分册名: | 出版地: | St. Paul : |
|
| 出版社: | West Pub. Co | |
| 出版时间: | c1992. | |
| 页数: | xviii, 770 p. : | |
| 开本: | 26 cm. | |
| 丛书名: | ||
| 中图分类号: | ||
| 科图分类号: | ||
| 其他分类号: | B812 | |
| 主题词: | ||
| 电子资源: | ||
| 000 | 00942pam a2200289 a 450 | |
| 001 | E0740051115 | |
| 005 | 20070505105941.74 | |
| 008 | 910805s1992 mnua 001 0 eng | |
| 010 | @a91030668 | |
| 020 | @a0314922180 (hard). | |
| 035 | @A(DLC) 91030668 | |
| 040 | @aDLC@cDLC@dDLC | |
| 050 | 00 | @aTK7868.L6@bR67 1992 |
| 082 | 00 | @a621.39/5@2 20 |
| 090 | @aB812 | |
| 099 | @dB812@ex27=4 | |
| 100 | 1 | @aRoth, Charles H. |
| 245 | 10 | @aFundamentals of logic design / @cCharles H. Roth, Jr. |
| 250 | @a4th ed. | |
| 260 | @aSt. Paul :@bWest Pub. Co.,@cc1992. | |
| 300 | @axviii, 770 p. :@bill. ;@c26 cm. | |
| 500 | @aIncludes index. | |
| 650 | 0 | @aLogic circuits. |
| 650 | 0 | @aLogic design. |
| 906 | @a7@bcbc@corignew@d1@eocip@f19@gy-gencatlg | |
| 955 | @apc16 to bd00 08-06-91; bd40 to SCD 08-07-91; fg09 08-09-91; fp24 08-14-91; CIP ver. bg37 to SL 03-20-92 | |
| 991 | @bc-GenColl@hTK7868.L6@iR67 1992@p00017836341@tCopy 1@wBOOKS | |
| Fundamentals of logic design / / Charles H. Roth, Jr.-4th ed.-St. Paul : : West Pub. Co., , c1992. |
| xviii, 770 p. : : ill. ; ; 26 cm. |
| Includes index. |
| ISBN 0314922180 (hard). |
| ● |
| 相关链接 |
|
|
|
|
正题名:Fundamentals of logic design
索取号:B812/x27=4
 
预约/预借
| 序号 | 登录号 | 条形码 | 馆藏地/架位号 | 状态 | 备注 |
| 1 | 6853 | 300068539 | 第二样本阅览室/ [索取号:B812/x27=4] | 在馆 |